000 00562nam a2200205 a 4500
001 BRL_1922
005 20190320211433.0
008 180815s2003----mx-o######---#000-0#spa-#
041 _aspa
044 _amx
050 4 _aND259.K45
_b.P45 2003
245 1 0 _aPhil Kelly
_bLa ciudad y sus iconos
260 _aMéxico
_bMuseo de la Ciudad de México
_c2003
300 _a47 p.
_bil.
_c28 cm.
500 _aAu2236
600 1 4 _aKelly, Phil
_d1950-2010
_vExposiciones
_928239
650 1 4 _aPintura
_vExposiciones
_ySiglo XX
_928240
902 _aGRL
942 _2lcc
_cB
999 _c10730
_d10730